[Event "FRA-chT2 East 0607"]
[Site "France"]
[Date "2007.01.20"]
[Round "5.8"]
[White "Toumi, Yasmina"]
[Black "Genzling, Sylvie"]
[Result "0-1"]
[WhiteElo "1450"]
[BlackElo "1911"]
[PlyCount "64"]
[EventDate "2006.10.15"]
[EventType "team-tourn"]
[EventRounds "11"]
[EventCountry "FRA"]
[SourceTitle "EXT 2008"]
[Source "ChessBase"]
[SourceDate "2007.11.25"]
[SourceVersion "1"]
[SourceVersionDate "2007.11.25"]
[SourceQuality "1"]
[WhiteTeam "Cluses Saint Jeoire"]
[BlackTeam "Bischwiller II"]
[WhiteTeamCountry "FRA"]
[BlackTeamCountry "FRA"]

1. d4 d5 2. c4 e6 3. Nc3 Nf6 4. cxd5 exd5 5. Bg5 Be7 6. e3 0-0 7. Bd3 Re8 8. Qc2 h6 9. Bh4 Nc6 10. a3 Rb8 11. Nge2 Be6 12. f4 Ng4 13. Bxe7 Qxe7 14. Kd2 Rbd8 15. Rae1 Bf5 16. Kc1 Qxe3+ 17. Kb1 Bxd3 18. Qxd3 Qxd3+ 19. Ka2 Ne3 20. Nc1 Qxd4 21. Re2 Nc4 22. Rc2 Qxf4 23. g3 Qf3 24. Rg1 d4 25. Nd1 Qd5 26. Nd3 Ne3+ 27. Kb1 Nxc2 28. Kxc2 Qc4+ 29. Kd2 Na5 30. N1f2 Re3 31. Re1 Nb3+ 32. Kd1 Rxd3+ 0-1